[Event "Biella op 1st"]
[Site "Biella"]
[Date "2010.09.25"]
[Round "2"]
[White "Montilli, Vincenzo"]
[Black "Costantino, Gian Franco"]
[Result "1/2-1/2"]
[WhiteElo "1503"]
[BlackElo "1758"]
[PlyCount "74"]
[EventDate "2010.09.24"]
[EventType "swiss"]
[EventRounds "5"]
[EventCountry "ITA"]
[SourceTitle "EXT 2024"]
[Source "ChessBase"]
[SourceDate "2023.10.10"]
[SourceVersion "1"]
[SourceVersionDate "2023.10.10"]
[SourceQuality "1"]

1. d4 d5 2. c4 c6 3. Nc3 Nf6 4. Nf3 e6 5. Bg5 Nbd7 6. e3 Qa5 7. Bxf6 Nxf6 8. Qc2 Bb4 9. Bd3 Bd7 10. 0-0 dxc4 11. Bxc4 0-0 12. a3 Bd6 13. b4 Qh5 14. Ne4 Bc7 15. Nxf6+ gxf6 16. h3 Kh8 17. Kh1 e5 18. Ng1 Rg8 19. f3 Rg3 20. Qa2 Rg7 21. g4 Qh6 22. dxe5 Bxe5 23. Rad1 Bxg4 24. fxg4 Rxg4 25. Bxf7 Rg3 26. Be6 Rxe3 27. Qg2 Rg3 28. Qd2 Qh4 29. Bf5 Rag8 30. Nf3 Rxh3+ 31. Bxh3 Qxh3+ 32. Nh2 Qxa3 33. Rg1 Rf8 34. Rb1 Qh3 35. Qg2 Qd7 36. Rbd1 Qf7 37. Qe2 Rg8 1/2-1/2

[Event "Robecchetto op-B 20th"]
[Site "Robecchetto"]
[Date "2009.12.29"]
[Round "4"]
[White "Costantino, Gian Franco"]
[Black "Pandini, Giuseppe"]
[Result "1-0"]
[WhiteElo "1572"]
[BlackElo "1702"]
[PlyCount "53"]
[EventDate "2009.12.27"]
[EventType "swiss"]
[EventRounds "6"]
[EventCountry "ITA"]
[SourceTitle "EXT 2023"]
[Source "ChessBase"]
[SourceDate "2022.10.05"]
[SourceVersion "1"]
[SourceVersionDate "2022.10.05"]
[SourceQuality "1"]

1. e4 b6 2. Nf3 Bb7 3. Nc3 e6 4. d4 Nf6 5. Bd3 Be7 6. 0-0 0-0 7. Re1 d6 8. Bf4 Nfd7 9. e5 g6 10. Bh6 Re8 11. Ne4 Bxe4 12. Bxe4 d5 13. Bd3 c5 14. c3 Nc6 15. Qd2 cxd4 16. cxd4 Bb4 17. Qf4 Bxe1 18. Rxe1 Ne7 19. Bg5 Qc7 20. Rc1 Qb7 21. Bf6 Nf5 22. Bxf5 Nxf6 23. exf6 Rac8 24. Re1 Qe7 25. fxe7 Rxe7 26. Bd3 Rec7 27. h4 1-0